Las siete tragedias de Eschylo /

Esquilo (525- 456 a.C.) trágico griego. Fue actor, músico y poeta. Participó en las guerras persas, hecho que contribuyó a definir su visión de la historia y del papel de Atenas. Estuvo en Sicilia, en la corte de Hierón de Siracusa, donde entró en contacto con los círculos pitagóricos. De 73 títulos...

Olles dieđut

Furkejuvvon:
Bibliográfalaš dieđut
Váldodahkki: Esquilo (autor)
Materiálatiipa: Girji
Giella:espánnjágiella
Ráidu:(Biblioteca Clásica ; 32)
Fáttát:
Fáddágilkorat: Lasit fáddágilkoriid
Eai fáddágilkorat, Lasit vuosttaš fáddágilkora!

MARC

LEADER 00000nam^a2200000^a^4500
001 000155904
005 20250526000000.0
009 20260310100446.948
037 |a Acervo ITESO - Biblioteca 
041 |a ESP 
082 |a 882.  |b ESQ 
100 |a Esquilo  |e (autor) 
240 1 5 |a [Los persas] 
240 1 5 |a [Los siete contra Tebas] 
240 1 5 |a [Las suplicantes, de Esquilo] 
240 1 1 |a [Prometeo encadenado] 
240 1 1 |a [Agamenón] 
240 1 5 |a [Las Coéforas] 
240 1 5 |a [Las Euménides] 
240 1 4 |a [La Orestíada] 
240 1 5 |a [Las siete tragedias de Esquilo] 
245 1 4 |a Las siete tragedias de Eschylo /  |c Esquilo ; introd., notas y tr. por Fernando Segundo Brieva Salvatierra. 
264 |a Madrid, España :  |b Librería Hernando,  |c 1899 
300 |a CXVII, 523 p. ;  |c 18.0 cm. 
440 1 |a (Biblioteca Clásica ;  |v 32) 
520 |a Esquilo (525- 456 a.C.) trágico griego. Fue actor, músico y poeta. Participó en las guerras persas, hecho que contribuyó a definir su visión de la historia y del papel de Atenas. Estuvo en Sicilia, en la corte de Hierón de Siracusa, donde entró en contacto con los círculos pitagóricos. De 73 títulos conocidos aproximadamente, se han conservado siete tragedias, de las que dos, Las suplicantes y Prometeo encadenado, no tienen datación. En las obras de Esquilo se refleja la Grecia de su tiempo, donde la convivencia se fue organizando de acuerdo a formas de mayor participación y se racionalizaron las normas de justicia, confiadas a la imparcialidad del poder público. Atenas asumió cada vez más el papel de la ciudad de la democracia, contra la sed de conquista de los persas. Después de obtener el éxito entre sus contemporáneos Esquilo fue relegado a un segundo plano y sólo a través de los románticos fue vuelto a descubrir por la cultura europea. Entre sus obras están: Orestíada (Agamenón, Las Coéforas, Las Euménides), Los siete contra Tebas, y Los persas. 
649 |a XX 
650 |a Tragedia Griega 
650 |a Tragedia Clásica 
650 |a Teatro Griego 
650 |a Teatro Clásico 
650 |a Literatura Griega -  |y Siglo V a.C. 
650 |a Literatura Clásica -  |y Siglo V a.C. 
740 0 |a Prometheo encadenado /  |c Esquilo ; introd., notas y tr. por Fernando Segundo Brieva Salvatierra. 
740 4 |a Los siete contra Thebas /  |c Esquilo ; introd., notas y tr. por Fernando Segundo Brieva Salvatierra. 
740 4 |a Los persas /  |c Esquilo ; introd., notas y tr. por Fernando Segundo Brieva Salvatierra. 
740 3 |a La Orestiada :  |b Agamemnón /  |c Esquilo ; introd., notas y tr. por Fernando Segundo Brieva Salvatierra. 
740 3 |a La Orestiada :  |b Las Choéphoras /  |c Esquilo ; introd., notas y tr. por Fernando Segundo Brieva Salvatierra. 
740 3 |a La Orestiada :  |b Las Euménides /  |c Esquilo ; introd., notas y tr. por Fernando Segundo Brieva Salvatierra. 
740 4 |a Las suplicantes /  |c Esquilo ; introd., notas y tr. por Fernando Segundo Brieva Salvatierra. 
910 |a Fondo Salvador Reynoso Reynoso 
920 |a Impresos - Libros 
930 |a Libros Antiguos y Raros 
940 |a Literatura 
905 |a 108 
901 |a 0800016315  |b IT2  |c LRA  |u 20250526 
902 |a https://opac.biblio.iteso.mx/vufind/Record/000155904